| 000 | 00378cam a2200157ua 4500 | ||
|---|---|---|---|
| 003 | OSt | ||
| 008 | 240321b |||||||| |||| 00| 0 eng d | ||
| 020 | _a81 7216 27 5 | ||
| 041 | _aeng | ||
| 082 |
_a796.069 _bROY/SP |
||
| 100 |
_aRoy, Sudhanshu Shekar . _96151 |
||
| 245 | _aSports management / | ||
| 260 |
_a : _bFriends publications , _c1995. |
||
| 300 | _a ; . | ||
| 942 | _cBK | ||
| 999 |
_c4864 _d4864 |
||